Vista normal
Vista MARC
Entrada Personal Name
Número de registros utilizados en: 1
001 - CONTROL NUMBER
- control field: 17131
003 - CONTROL NUMBER IDENTIFIER
- control field: DLC
005 - DATE AND TIME OF LATEST TRANSACTION
- control field: 20250603091542.0
008 - FIXED-LENGTH DATA ELEMENTS
- fixed length control field: 140113n| azannaabn |a aaa c
010 ## - LIBRARY OF CONGRESS CONTROL NUMBER
- LC control number: no2014004040
035 ## - SYSTEM CONTROL NUMBER
- System control number: (OCoLC)oca09655010
040 ## - CATALOGING SOURCE
- Original cataloging agency: NN
- Language of cataloging: eng
- Description conventions: rda
- Transcribing agency: Mx-PuUPA
- Modifying agency: TxU
- Modifying agency: Mx-PuUPA
100 1# - HEADING--PERSONAL NAME
- Personal name: Velásquez O., César Mauricio,
370 ## - ASSOCIATED PLACE
- Place of birth: Medellín (Colombia)
- Source of term: naf
372 ## - FIELD OF ACTIVITY
- Field of activity: Relaciones internacionales
- Source of term: lcsh
372 ## - FIELD OF ACTIVITY
- Field of activity: Periodismo
- Field of activity: Literatura
- Source of term: lcsh
373 ## - ASSOCIATED GROUP
- Associated group: Universidad Complutense de Madrid
- Source of term: naf
374 ## - OCCUPATION
- Occupation: Periodista
- Occupation: Autor
- Source of term: lcsh
375 ## - GENDER
- Gender: hombre
377 ## - ASSOCIATED LANGUAGE
- Language code: spa
400 1# - SEE FROM TRACING--PERSONAL NAME
- Personal name: Velásquez Ossa, César Mauricio
400 1# - SEE FROM TRACING--PERSONAL NAME
- Personal name: Ossa, César Mauricio Velásquez
670 ## - SOURCE DATA FOUND
- Source citation: De Benedicto a Francisco, 2013:
- Information found: title page (César Mauricio Velásquez O.) cover flap (b. in Medellín, Colombia; journalist and author)
670 ## - SOURCE DATA FOUND
- Source citation: Manual de géneros periodísticos, 2005:
- Information found: t.p. (César Mauricio Velásquez O.) front flap (César Mauricio Velásquez Ossa; Master in international relations, Universidad Complutense de Madrid)